000 01249naa a22003257a 4500
001 BR8207068
003 BR-BrBNA
005 20250721143213.0
007 ta
008 250630b bl.|||m| |||| 00| 0 por d
040 _aBR-BrBNA
_bpor
_cBiblioteca Nacional de Agricultura
041 _a(Pt)
072 _aF01; P40
090 _aF01 BR8207068
100 1 _aBrunini, O.
100 1 _aMiranda, M.A.C.
100 1 _aMascarenhas, H.A.A.
100 1 _aPereira, J.C.V.N.V.
100 1 _aSchimidt, N.C.
245 1 _aTeste de um modelo agroclimatico que relacione o regime pluviometrico com as variacoes da produtividade agricola
500 _aDeterminacao do efeito da precipitacao pluviometrica na produtividade agricola Brasilia, DF (Brasil): 1982. p. 21-46 [8 ref.; 21 tables] (BR8207068-AMS)
773 0 _tDeterminacao do efeito da precipitacao pluviometrica na produtividade agricola
_wF01 BR8207068
_gBrasilia, DF (Brasil), 1982. p. 21-46
650 _aPRODUCAO VEGETAL
650 _aPLUVIOMETRIA
650 _aRELACAO AGUA-PLANTA
650 _aBALANCO HIDRICO
490 _aColecao Analise e Pesquisa - Comissao de Financiamento da Producao (Brazil)
_vv. 24
942 _cAMS
_2AGRIS
909 _a202506
_bLúcia
_c55
_dLúcia Elande
999 _c334347
_d334347